SS Lazio Squad 2015-2016 - Statistics

General Stats
  • This quiz has been taken 11 times
  • The average score is 16 of 34
Answer Stats
# Position Nation Player % Correct
10 FW Brazil Felipe Anderson
90%
19 MF Bosnia and Herzegovina Senad Lulić
90%
3 DF Netherlands Stefan de Vrij
90%
26 DF Romania Ștefan Radu
90%
11 FW Germany Miroslav Klose
80%
21 MF Serbia Sergej Milinković-Savić
80%
14 FW Senegal Keita Baldé
70%
4 DF Spain Patric
70%
- Coach Italy Stefano Pioli
70%
8 DF Serbia Dušan Basta
60%
99 GK Albania Etrit Berisha
60%
22 GK Italy Federico Marchetti
60%
16 MF Italy Marco Parolo
60%
7 MF England Ravel Morrison
60%
- Coach Italy Simone Inzaghi
60%
2 DF Netherlands Wesley Hoedt
60%
87 FW Italy Antonio Candreva
50%
32 MF Italy Danilo Cataldi
50%
20 MF Argentina Lucas Biglia
50%
9 FW Serbia Filip Đorđević
40%
23 MF Nigeria Ogenyi Onazi
40%
6 MF Italy Stefano Mauri
40%
29 DF France Abdoulay Konko
30%
33 DF Brazil Maurício
30%
18 DF Argentina Santiago Gentiletti
30%
96 MF Italy Alessandro Murgia
20%
17 FW Italy Alessandro Matri
10%
5 DF Netherlands Edson Braafheid
10%
55 GK Italy Guido Guerrieri
10%
13 DF Serbia Milan Biševac
10%
88 FW Netherlands Ricardo Kishna
10%
70 FW Australia Chris Ikonomidis
0%
44 DF Croatia Franjo Prce
0%
27 DF Senegal Moustapha Seck
0%
No matching quizzes found
Score Distribution
Percent of People with Each Score
Percentile by Number Answered
Your Score History
You have not taken this quiz